000 00348nam a22001457a 4500
008 230912b ||||| |||| 00| 0 eng d
020 _a0471096849
041 _aeng
080 _a521
082 _a521BUC
100 _a19
101 _aASTRO
245 _aSEVENTEEN SIMPLE LECTURES ON GENERAL RELATIVITY THEORY
_cBUCHDAHL.A.H
942 _2udc
_cBK
999 _c60349
_d60349